Description of the profession of: landscape architect.
Saved in:
| Corporate Authors: | , |
|---|---|
| Format: | Book |
| Language: | English |
| Published: |
[S.l.?] :
National Roster of Scientific and Specialized Personnel, Bureau of Placement, War Manpower Commission,
[1945]
|
| Subjects: | |
| Tags: |
Add Tag
No Tags, Be the first to tag this record!
|
| LEADER | 00663nam a22001697u 4500 | ||
|---|---|---|---|
| 001 | 000000404-9 | ||
| 005 | 20020606090541.3 | ||
| 008 | 830127|1945 ||||||| |||| |0||||eng|d | ||
| 035 | 0 | |a ocm82905973 | |
| 245 | 0 | 0 | |a Description of the profession of: landscape architect. |
| 260 | 0 | |a [S.l.?] : |b National Roster of Scientific and Specialized Personnel, Bureau of Placement, War Manpower Commission, |c [1945] | |
| 300 | |a 3 p. ; |c 21 cm. | ||
| 650 | 0 | |a Landscape architecture |x Vocational guidance. | |
| 710 | 2 | |a National Roster of Scientific and Specialized Personnel (U.S.) | |
| 710 | 1 | |a United States. |b War Manpower Commission. |b Bureau of Placement. | |
| 988 | |a 20020608 | ||
| 906 | |0 MH | ||


